01779nam a2200445 i 450000100060000000300080000600500170001400600190003100700150005000800410006502000180010602000270012403500230015103500240017403500250019803500210022304000310024405000240027508000080029908200150030724501540032226400640047630000410054033600310058133700330061233800430064549000370068850000230072558801280074861000470087665000540092365000630097765000490104065000410108965500270113070000370115770000390119483000380123385600620127142793FlNmELB20241216222056.0m o d | cr cnu||||||||141102s2010 mx o 001 0 spa d z9786074013344 a9781413535723 (e-book) a(MiAaPQ)EBC3224919 a(Au-PeEL)EBL3224919 a(CaPaEBR)ebr10933917 a(OCoLC)991964878 aFINmELBbspaerdacFINmELB 4aLC177.M6bU588 2010 a3780 a378.7222300aUniversidad y desarrollo regional :bel caso de la universidad autónoma de baja California /cGabriel Estrella, Alejandro Mungaray (Coordinadores). 1aMéxico D.F. :bEditorial Miguel Ángel Porrúa,c[2010] a1 recurso en línea (348 páginas) atextobtxt2rdacontent/spa acomputadorabc2rdamedia/spa arecurso en líneabcr2rdacarrier/spa1 aProblemas educativos de México aContiene índice. aDescripción basada en recurso en línea; Título de la página del título en PDF (e-libro, visto November 02, 2014).20aUniversidad Autónoma de Baja California. 0aHigher education and statezMexicovCase studies. 4aEducación superior y estadozMéxicovEstudios de caso. 4aEducación superiorxAspectos económicos. 0aEducation, HigherxEconomic aspects. 4aLibros electrónicos.1 aEstrella, Gabriel,ecoordinador.1 aMungaray, Alejandro,ecoordinador. 0aProblemas educativos de México.40uhttps://elibro.net/ereader/politecnicointernacional/38367